Normal view
MARC view
- Guide Name:Sahasrtabuddhe Swati
Entry Personal Name
001 - CONTROL NUMBER
- control field: 211018
003 - CONTROL NUMBER IDENTIFIER
- control field: OSt
005 - DATE AND TIME OF LATEST TRANSACTION
- control field: 20250110171832.0
008 - FIXED-LENGTH DATA ELEMENTS
- fixed length control field: 250110|| aca||aabn | a|a d
040 ## - CATALOGING SOURCE
- Original cataloging agency: OSt
- Transcribing agency: OSt
100 ## - HEADING--PERSONAL NAME
- Personal name: Guide Name:Sahasrtabuddhe Swati
670 ## - SOURCE DATA FOUND
- Source citation: Work cat.: (OSt)364719: Bhandarkar Viijayanti 211017, Rethinking Of Central Park Urban Part Nashik City Breaking The Monotony, 2021